000 00691nam a2200241Ia 4500
003 OSt
005 20221005073230.0
006 a|||||r|||| 00| 0
007 ta
008 221004b |||||||| |||| 00| 0 eng d
024 _a60475
037 _cTextual
040 _aCRL
_cCRL
_beng
041 _2eng
_aeng
082 _aY9(A):4(U42).2'N9, N5
100 _aMohanti Subodh and others
_9607837
245 0 _aScientific communities and brain drain
_b A sociological study
260 _aNew Delhi
_bGyan
_c1995
300 _a149p.
_ccm.
650 _aSOCIOLOGY
942 _hY9(A):4(U42).2'N9, N5
_cTEXL
_2cc
999 _c980782
_d980782